00205nam a2200073Ia 4500008004100000082000800041100003400049245004800083240331s9999 xx 000 0 und d bJOU aCarfax Publishing Company. ed 0aJournal of genderstudies :bVol.4 No.3-1995